[Event "Torino SST Junior-Senior (azzurro)"]
[Site "Torino"]
[Date "2011.11.17"]
[Round "2"]
[White "Barletta, Mauro"]
[Black "Cavaliere, Simone"]
[Result "1-0"]
[WhiteElo "2247"]
[BlackElo "1859"]
[PlyCount "95"]
[EventDate "2011.10.20"]
[EventType "schev"]
[EventRounds "8"]
[EventCountry "ITA"]
[SourceTitle "EXT 2018"]
[Source "ChessBase"]
[SourceDate "2017.10.13"]
[SourceVersion "1"]
[SourceVersionDate "2017.10.13"]
[SourceQuality "1"]

1. Nf3 Nf6 2. c4 g6 3. Nc3 Bg7 4. g3 d6 5. Bg2 0-0 6. 0-0 e5 7. d3 Re8 8. Rb1 c6 9. b4 d5 10. Qb3 h6 11. b5 e4 12. dxe4 dxe4 13. Rd1 Qb6 14. Na4 Qa5 15. Nd4 e3 16. Bxe3 Ng4 17. bxc6 Nxc6 18. Nxc6 bxc6 19. c5 Be6 20. Qb4 Qxb4 21. Rxb4 Nxe3 22. fxe3 Red8 23. Rxd8+ Rxd8 24. Bxc6 Bxa2 25. Rb7 Rd1+ 26. Kf2 a6 27. Bf3 Rc1 28. c6 Kh7 29. Nb6 Be6 30. Ra7 Bh3 31. g4 Be5 32. Rxf7+ Kg8 33. Rf4 Rf1+ 34. Kg3 g5 35. Nd5 Rc1 36. Kxh3 gxf4 37. exf4 Bb8 38. e4 a5 39. e5 a4 40. e6 Kf8 41. e7+ Ke8 42. g5 Rc3 43. Nxc3 Kxe7 44. Nxa4 Bxf4 45. g6 Kf6 46. Be4 Be5 47. Nb6 Ke7 48. c7 1-0

[Event "Bratto op-B 28th"]
[Site "Bratto"]
[Date "2008.08.24"]
[Round "2"]
[White "Crippa, Mario"]
[Black "Cavaliere, Simone"]
[Result "1-0"]
[WhiteElo "1833"]
[BlackElo "1876"]
[PlyCount "77"]
[EventDate "2008.08.23"]
[EventType "swiss"]
[EventRounds "9"]
[EventCountry "ITA"]
[SourceTitle "EXT 2011"]
[Source "ChessBase"]
[SourceDate "2010.11.26"]
[SourceVersion "1"]
[SourceVersionDate "2010.11.26"]
[SourceQuality "1"]

1. e4 c5 2. Nf3 Nc6 3. d4 cxd4 4. Nxd4 e6 5. Nc3 a6 6. Be2 Qc7 7. 0-0 Nf6 8. Kh1 Nxd4 9. Qxd4 Bc5 10. Qd3 b5 11. Bg5 Bb7 12. Bf3 Qe5 13. Bxf6 gxf6 14. Rad1 Rd8 15. a3 h5 16. b4 Ba7 17. Ne2 Bb8 18. g3 h4 19. c3 Ke7 20. Qd4 hxg3 21. fxg3 Qg5 22. Kg2 Qh6 23. h4 Rhg8 24. Kh3 Be5 25. Qf2 Rc8 26. Rd3 Rc4 27. Rfd1 Rc7 28. Qe3 Qg7 29. Rg1 Qh7 30. g4 Qxh4+ 31. Kg2 f5 32. exf5 Rxg4+ 33. Kf1 Rxg1+ 34. Nxg1 Bf6 35. Bxb7 Rxb7 36. Qc5+ Kd8 37. fxe6 Qf4+ 38. Nf3 fxe6 39. Kf2 1-0

[Event "Nichelino op 8th"]
[Site "Nichelino"]
[Date "2007.10.07"]
[Round "6"]
[White "Cacinschi, Alexandru"]
[Black "Cavaliere, Simone"]
[Result "1/2-1/2"]
[WhiteElo "1630"]
[BlackElo "1965"]
[PlyCount "107"]
[EventDate "2007.10.04"]
[EventType "swiss"]
[EventRounds "6"]
[EventCountry "ITA"]
[SourceTitle "EXT 2010"]
[Source "ChessBase"]
[SourceDate "2010.11.25"]
[SourceVersion "1"]
[SourceVersionDate "2010.11.25"]
[SourceQuality "1"]

1. c4 Nf6 2. Nf3 g6 3. Nc3 Bg7 4. g3 d6 5. Bg2 e5 6. d3 0-0 7. 0-0 c6 8. h3 Na6 9. a3 Bd7 10. e4 Nh5 11. Be3 Qe8 12. Qd2 f5 13. Bh6 f4 14. Bxg7 Kxg7 15. g4 Nf6 16. d4 Rd8 17. b4 c5 18. bxc5 exd4 19. g5 Kg8 20. gxf6 dxc3 21. Qd5+ Be6 22. Qxb7 Qd7 23. Qxd7 Rxd7 24. cxd6 Bxc4 25. Rfc1 Rxd6 26. Rxc3 Be2 27. e5 Rdd8 28. Re1 Bb5 29. Ng5 Rde8 30. f7+ Rxf7 31. Nxf7 Kxf7 32. Bd5+ Kg7 33. Bc4 Nc7 34. Bxb5 Nxb5 35. Rd3 Re7 36. a4 Nc7 37. Kg2 Ne6 38. f3 Kh6 39. Rb3 Kg5 40. a5 Kf5 41. a6 Nc5 42. Ra3 Re6 43. Rc1 Nxa6 44. Rca1 Nc5 45. Rxa7 h6 46. Rf7+ Kg5 47. Rh1 Nd3 48. h4+ Kh5 49. Rd1 Nb2 50. Rd2 Nc4 51. Rd4 Ne3+ 52. Kf2 Rxe5 53. Rdxf4 Nf5 54. Kg2 1/2-1/2